Alle Städte und Gemeinden im Enzkreis - Statistiken

Allgemein
  • Dieses Quiz wurde 13 mal gespielt
  • Das Durchschnittsergebnis liegt bei 17 aus 28
Antwortstatistiken
Antwort % Korrekt
Mühlacker
92%
Niefern-Öschelbronn
83%
Ispringen
75%
Knittlingen
75%
Maulbronn
75%
Neuenbürg
75%
Neulingen
75%
Illingen
67%
Keltern
67%
Kieselbronn
67%
Mönsheim
67%
Remchingen
67%
Wiernsheim
67%
Wurmberg
67%
Eisingen
58%
Ötisheim
58%
Straubenhardt
58%
Tiefenbronn
58%
Birkenfeld
50%
Engelsbrand
50%
Friolzheim
50%
Heimsheim
50%
Königsbach-Stein
50%
Sternenfels
50%
Wimsheim
50%
Neuhausen
42%
Ölbronn-Dürrn
42%
Käpfelbach
8%
Keine übereinstimmenden Quizze gefunden
Verteilung der Resultate
Anzahl Personen mit jedem Resultat
Perzentil nach korrekt beantworteten Fragen
Ihre Resultats-Entwicklung
Sie haben dieses Quiz noch nicht gespielt